Compendium : (Record no. 41616)

MARC details
000 -LEADER
fixed length control field 00691nam a22002057a 4500
005 - DATE AND TIME OF LATEST TRANSACTION
control field 20100813135537.0
010 ## - LCCN (DPL NO)
LC control number ENG-100337
020 ## - INTERNATIONAL STANDARD BOOK NUMBER
International Standard Book Number 818988204-X
Terms of availability 45.00
035 ## - SYSTEM CONTROL NUMBER
System control number EN-83869
037 ## - SOURCE OF ACQUISITION
Source of stock number/acquisition DBAD/PUB
082 ## - DEWEY DECIMAL CLASSIFICATION NUMBER
Classification number 280
245 ## - TITLE STATEMENT
Title Compendium :
Remainder of title catechism of the catholic church /
260 ## - PUBLICATION, DISTRIBUTION, ETC. (IMPRINT)
Place of publication, distribution, etc Dindigul
Name of publisher, distributor, etc Vaigarai Publishing House
Date of publication, distribution, etc 2006
270 ## - ADDRESS
Address Opp. St.Mary's Hr. Sec. School, Main Road
City Dindigul
Postal code 624001
300 ## - PHYSICAL DESCRIPTION
Extent xvii, 222p.
Dimensions 21cm (pbk)
650 ## - SUBJECT ADDED ENTRY--TOPICAL TERM
Topical term or geographic name as entry element Cathechism
650 ## - SUBJECT ADDED ENTRY--TOPICAL TERM
Topical term or geographic name as entry element Catholic Church
942 ## - ADDED ENTRY ELEMENTS (KOHA)
Source of classification or shelving scheme Dewey Decimal Classification
Item type English Books
Classification part 280
Call number suffix COM
Holdings
Withdrawn status Lost status Not for loan Collection code Home library Current library Date acquired Source of acquisition Cost, normal purchase price Full call number Barcode Copy number Cost, replacement price Koha item type
    Not For Loan Non-fiction D.B.Act.Division D.B.Act.Division 13/08/2010 DBAD/PUB 45.00 280 COM EN-83869 1 45.00 English Books

© Delhi Public Library
Hit Counter
free hit counter